000 00584nam a2200193 a 4500
001 6744
003 CO-ViMGA
008 141112s2004 ck r 000 u spa d
040 _aCO-ViMGA
_bspa
_cCO-ViMGA
082 0 4 _a346.022 B654
100 1 _aBonivento Fernández, Jose Alejandro
_95657
245 1 0 _aLos principales contratos civiles :
_by su paralelo con los comerciales
250 _a12a
260 _aSantafé de Bogotá :
_bLibreria del Profesional,
_c1997
300 _a2 v
650 1 4 _aCONTRATOS CIVILES
_951767
650 1 4 _aCONTRATOS COMERCIALES
_93412
942 _2ddc
_cBK
999 _c18713
_d18713